000 00576nam a2200217Ia 4500
005 20250508165031.0
008 008 250505s9999 xx 000 0 eng d
020 _a0-86363-019-7
037 _aReference
040 _aFEDL
_beng
_cFEDL
041 _aeng
_2eng
084 _a030, BER/RR
_qFEDL
100 _aBerry C E Ed.
245 0 _aScience starter
260 _aHong Kong
_bTime-Life Books
_c1988
300 _a87p.
490 _aA child's first library of learning
546 _aMACESE
942 _cREF
_h030, BER/RR
999 _c1392765
_d1392765